| 000 | 02072cam a2200385 a 4500 | ||
|---|---|---|---|
| 001 | 14427411 | ||
| 003 | OSt | ||
| 005 | 20251205114720.0 | ||
| 008 | 060626s2006 ilu b 001 0 eng | ||
| 010 | _a 2006020885 | ||
| 020 |
_a0830827609 _qpbk. : alk. paper |
||
| 020 |
_a9780830827602 _qpbk. : alk. paper |
||
| 020 | _a9780830827602 | ||
| 035 | _a14427411 | ||
| 035 | _a(OCoLC)70258834 | ||
| 040 |
_aDLC _cDLC _dBAKER _dC#P _dBTCTA _dYDXCP _dDLC |
||
| 050 | 0 | 0 |
_aBV835 _b.B33 2006 |
| 082 | 0 | 0 |
_a261.8/3581 _222 |
| 100 | 1 | _aBalswick, Jack O. | |
| 245 | 1 | 2 |
_aA model for marriage : _bcovenant, grace, empowerment and intimacy / _cJack O. Balswick and Judith K. Balswick. |
| 260 |
_aDowners Grove, Ill. : _bIVP Academic, _cc2006. |
||
| 300 |
_a211 p. ; _c23 cm. |
||
| 336 |
_atext _btxt _2rdacontent |
||
| 337 |
_aunmediated _bn _2rdamedia |
||
| 338 |
_avolume _bnc _2rdacarrier |
||
| 504 | _aIncludes bibliographical references (p. [194]-206) and indexes. | ||
| 505 | 0 | _aThe dilemma of modern marriage -- A trinitarian model of marriage -- Covenant marriage : the greatest of these is love -- The gracing marriage : grace-full love -- The empowering marriage: mutual empowerment and mutual servanthood -- The intimate marriage: knowing and being known -- Leaving, cleaving and becoming one flesh -- Differentiated unity -- Communication, connection, communion -- Conflict : the fertilizer of growth -- The seasons of marriage -- The dual-earner marriage : an elaborate balancing act -- Sexuality in its splendor : one-flesh mystery -- Marital spirituality. | |
| 650 | 0 |
_aMarriage _xReligious aspects _xChristianity. |
|
| 700 | 1 | _aBalswick, Judith K. | |
| 856 | 4 | 1 |
_3Table of contents only _uhttp://www.loc.gov/catdir/toc/ecip0616/2006020885.html |
| 906 |
_a7 _bcbc _corignew _d1 _eecip _f20 _gy-gencatlg |
||
| 942 |
_2lcc _cBK |
||
| 999 |
_c20918 _d20917 |
||